000 00721nam a2200229Ia 4500
001 15946
003 GE_BSU
008 181216s||||||||xx |||||||||||||| ||und||
040 _cGE_BSU
080 _a821.353.1-1
100 _aჯანგულაშვილი, თეიმურაზ
245 _aდილა და შუადღე
245 _bლექსები
245 _cრედ.ქ.კვინტრაძე. მხ.ლ.ღვიჯილია
260 _aთბილისი
260 _bსაქართველო
260 _c1990
300 _a385 გვ. ; 20 სმ
653 _aდილა და შუადღე
653 _aლექსები
942 _cBK
999 _c49040
_d49040